| 000 | 00956cab a2200301 4500 | ||
|---|---|---|---|
| 001 | ABS55008 | ||
| 008 | 090401t1996 xxu||||| |||| 00| 0 eng d | ||
| 035 | _a(Sirsi) u13572 | ||
| 041 | _aeng | ||
| 100 | _aHancock, C. | ||
| 245 | _aTaking care in break options | ||
| 260 | _c1996 | ||
| 350 | _a0 | ||
| 490 |
_aEstates Times _v(1319) 4 April 1996, 6(1) |
||
| 520 | _aLooks at the drafting of the notice to break in the light of "Garston & Others v Scottish Widows" and "Mannai v Eagle Star". | ||
| 650 | _aBREAK CLAUSES | ||
| 650 | _aDETERMINATION OF LEASE | ||
| 650 | _aGARSTON V SCOTTISH WIDOWS FUND | ||
| 650 | _aLANDLORD AND TENANT ACT 1954 S25 | ||
| 650 | _aLANDLORD AND TENANT ACT 1954 S26 | ||
| 650 | _aLEASES | ||
| 650 | _aMANNAI INVESTMENT CO LTD V EAGLE STAR LIFE ASSURANCE CO LTD UK | ||
| 650 | _aNOTICE TO DETERMINE | ||
| 690 | _aPROPERTY-LANDLORD AND TENANT | ||
| 700 | _aMears, J. | ||
| 942 | _n0 | ||
| 948 | _c04/03/1997 | ||
| 999 |
_c8742 _d8742 |
||